000 01147nam0a2200301 4500
001 RU\NLR\bibl\1693215
005 20250616055107.0
010 _a978-5-699-36711-5
_95000
021 _aRU
_b2009-74994
_9561д/2010
035 _a(nilc)DITM\BIBL\0000004600
035 _a(NLR Aleph) 001684323
090 _a1121028
_c1121028
100 _a20100129d2009 |||y0rusy50 ca
101 1 _arus
_cita
_cger
102 _aRU
105 _aa z |||||
200 1 _aБольшая книга увлекательных занятий для детей
_e[для младшего школьного возраста
_fпер. с ит. Елены Саломатиной, пер. с нем. Инны Бериновой]
210 _aМосква
_cЭксмо
_d2009
215 _a163, [4] с.
_cцв. ил.
_d29
225 1 _aДля детей от 8 лет. 8+
686 _a74.200.5
_vLBC/PL
_2rubbk
702 1 _aСаломатина
_bЕ. И.
_gЕлена И.
_4730
801 0 _aRU
_bНБР Саха
_c20100129
_grcr
801 1 _aRU
_bНБР Саха
_c20100129
_2rusmarc
801 2 _aRU
_bNLR
_c20101101
_grcr
942 _cBOOK
980 _aNB